000 00443nam a2200181Ia 4500
001 2239
005 20260306143827.0
008 260306t2011||||xx |||||||||||||| ||spa||
041 _aESP
082 _a616.8
_bH32
100 _aHebben, Nancy
_eAUT
245 0 _aFundamentos para la evaluación neuropsicológica
260 _c2011
300 _aVIII, 244 páginas :
_c23 cm.
650 _aGEN
654 _aCPS
942 _cLIB
_dJUS
_fJUS
_2ddc
_n
999 _c2239
_d2239